[Event "New York Marshall/Enhance"]
[Site "New York"]
[Date "1994.??.??"]
[Round "3"]
[White "Mednis, Edmar John"]
[Black "Ashley, Maurice"]
[Result "1-0"]
[WhiteElo "2420"]
[BlackElo "2475"]
[PlyCount "91"]
[EventDate "1994.??.??"]
[EventType "tourn"]
[EventRounds "5"]
[EventCountry "USA"]
[SourceTitle "EXT 1997"]
[Source "ChessBase"]
[SourceDate "1996.11.15"]
[SourceVersion "1"]
[SourceVersionDate "1996.11.15"]
[SourceQuality "1"]

1. c4 c5 2. Nf3 Nf6 3. g3 e6 4. Bg2 Be7 5. 0-0 0-0 6. Nc3 a6 7. d4 cxd4 8. Qxd4 Nc6 9. Qf4 d6 10. Rd1 Bd7 11. b3 Rc8 12. Bb2 Qa5 13. Nd2 e5 14. Qf3 Nd4 15. Qd3 Bc6 16. e3 Bxg2 17. Kxg2 Ne6 18. Nde4 b5 19. cxb5 Nxe4 20. Nxe4 axb5 21. Nxd6 Rfd8 22. Nxc8 Rxd3 23. Nxe7+ Kf8 24. Rxd3 Kxe7 25. Bxe5 b4 26. Bd6+ Kf6 27. e4 g5 28. Rd5 Qb6 29. Rc1 Qa6 30. Rc2 h5 31. h4 gxh4 32. gxh4 Kg6 33. f4 Ng7 34. Bxb4 Kh7 35. f5 Qf6 36. Be1 Qa1 37. Bf2 Qb1 38. Re2 Ne8 39. Rd7 Qc1 40. Rxf7+ Kg8 41. Rd7 Nf6 42. Rd6 Qf4 43. Bg3 Qg4 44. Re3 Kf7 45. e5 Ne8 46. Rd7+ 1-0

[Event "Cannes op"]
[Site "Cannes"]
[Date "1994.??.??"]
[Round "1"]
[White "Mednis, Edmar John"]
[Black "Daurelle, Herve"]
[Result "1-0"]
[WhiteElo "2435"]
[BlackElo "2295"]
[PlyCount "132"]
[EventDate "1994.02.??"]
[EventType "swiss"]
[EventRounds "9"]
[EventCountry "FRA"]
[SourceTitle "EXT 1997"]
[Source "ChessBase"]
[SourceDate "1996.11.15"]
[SourceVersion "1"]
[SourceVersionDate "1996.11.15"]
[SourceQuality "1"]

1. c4 e6 2. g3 d5 3. Bg2 c5 4. Nf3 Nc6 5. cxd5 exd5 6. d4 Nf6 7. 0-0 Be7 8. Nc3 0-0 9. dxc5 Bxc5 10. Bg5 d4 11. Na4 Be7 12. Rc1 h6 13. Bxf6 Bxf6 14. Qb3 Qe7 15. Nc5 Rb8 16. Qb5 Bg4 17. Rfe1 Rfe8 18. Kf1 g6 19. a3 Kg7 20. b4 Nd8 21. e3 dxe3 22. Rxe3 Ne6 23. h3 Bxf3 24. Nxe6+ fxe6 25. Bxf3 Bg5 26. Qe5+ Bf6 27. Qc7 Kf7 28. Bd5 Kf8 29. Rxe6 Qxc7 30. Rxc7 Rxe6 31. Bxe6 Be7 32. Bd5 a5 33. bxa5 Ra8 34. Bxb7 Rxa5 35. h4 Rxa3 36. Be4 g5 37. h5 Ra6 38. Bg6 Rf6 39. Ke2 Bd6 40. Rh7 Bc5 41. f3 Re6+ 42. Kf1 Re7 43. Rh8+ Kg7 44. Rd8 Bb6 45. Rd5 Bc7 46. Kg2 Be5 47. Kh3 Bc7 48. Kg4 Be5 49. Bf5 Bf6 50. Be4 Be5 51. Rc5 Bf6 52. Rc6 Re5 53. Bc2 Re7 54. f4 gxf4 55. gxf4 Rb7 56. Be4 Rd7 57. Kf5 Rf7 58. Bd5 Rf8 59. Rc7+ Kh8 60. Kg6 Bg7 61. Bf7 Rb8 62. f5 Be5 63. Re7 Bg7 64. Rd7 Rf8 65. f6 Bxf6 66. Kxf6 Ra8 1-0

[Event "FRA-chT2 9495"]
[Site "France"]
[Date "1994.??.??"]
[Round "?"]
[White "Mednis, Edmar John"]
[Black "Gufeld, Eduard"]
[Result "1/2-1/2"]
[WhiteElo "2425"]
[BlackElo "2440"]
[PlyCount "42"]
[EventDate "1994.??.??"]
[EventType "team"]
[EventRounds "11"]
[EventCountry "FRA"]
[SourceTitle "EXT 2008"]
[Source "ChessBase"]
[SourceDate "2007.11.25"]
[SourceVersion "1"]
[SourceVersionDate "2007.11.25"]
[SourceQuality "1"]

1. d4 Nf6 2. Nf3 g6 3. c4 Bg7 4. Nc3 0-0 5. e4 d6 6. Be2 e5 7. 0-0 Nc6 8. d5 Ne7 9. b4 Ne8 10. Nd2 f5 11. c5 Nf6 12. f3 f4 13. Nc4 g5 14. Ba3 Ng6 15. b5 Ne8 16. b6 axb6 17. cxb6 cxb6 18. Qb3 h5 19. Rfb1 g4 20. Nxb6 Rb8 21. Nxc8 Rxc8 1/2-1/2

[Event "Wattens op 09th"]
[Site "Wattens"]
[Date "1994.??.??"]
[Round "6"]
[White "Mednis, Edmar John"]
[Black "Ungureanu, Emil"]
[Result "1/2-1/2"]
[WhiteElo "2420"]
[BlackElo "2320"]
[PlyCount "40"]
[EventDate "1994.??.??"]
[EventType "swiss"]
[EventRounds "9"]
[EventCountry "AUT"]
[SourceTitle "EXT 2000"]
[Source "ChessBase"]
[SourceDate "1999.11.16"]
[SourceVersion "1"]
[SourceVersionDate "1999.11.16"]
[SourceQuality "1"]

1. c4 e5 2. g3 Nc6 3. Bg2 d6 4. Nc3 Be6 5. d3 Qd7 6. Bd2 h6 7. Qa4 Nd8 8. Qxd7+ Kxd7 9. f4 f6 10. Nh3 Ne7 11. Nf2 Nf5 12. Rc1 c6 13. b4 Be7 14. Rb1 Re8 15. b5 Bf8 16. bxc6+ bxc6 17. 0-0 Kc8 18. Rb2 Rb8 19. Rfb1 Rxb2 20. Rxb2 Re7 1/2-1/2

[Event "Heart of Finland op 04th"]
[Site "Jyvaskyla"]
[Date "1994.??.??"]
[Round "?"]
[White "Tuomala, T."]
[Black "Mednis, Edmar John"]
[Result "1/2-1/2"]
[WhiteElo "2225"]
[BlackElo "2420"]
[PlyCount "85"]
[EventDate "1994.07.??"]
[EventType "swiss"]
[EventRounds "9"]
[EventCountry "FIN"]
[SourceTitle "EXT 1997"]
[Source "ChessBase"]
[SourceDate "1996.11.15"]
[SourceVersion "1"]
[SourceVersionDate "1996.11.15"]
[SourceQuality "1"]

1. e4 c5 2. Nf3 Nc6 3. d4 cxd4 4. Nxd4 Nf6 5. Nc3 d6 6. Be2 e5 7. Nb3 Be7 8. 0-0 0-0 9. f4 a5 10. a4 Nb4 11. Be3 Bd7 12. Nd2 Bc6 13. Nc4 Nxe4 14. Bb6 Qb8 15. fxe5 dxe5 16. Nxe4 Bxe4 17. Qd7 Nd5 18. Kh1 Nxb6 19. Qxe7 Nd5 20. Qxe5 Qxe5 21. Nxe5 Ne3 22. Rf2 Bxg2+ 23. Kg1 Bd5 24. Nd7 Rfe8 25. Nb6 Rad8 26. Nxd5 Rxd5 27. Bf3 Rg5+ 28. Kh1 Rf5 29. Re1 Re6 30. Rd2 Nd5 31. Rf1 Ree5 32. c4 Nf6 33. Rd8+ Ne8 34. Kg2 Kf8 35. Rf2 Ke7 36. Rfd2 Nf6 37. Rb8 Rg5+ 38. Kf2 Ne4+ 39. Bxe4 Rxe4 40. Rxb7+ Ke6 41. Rb6+ Ke7 42. Rb7+ Ke8 43. Rb8+ 1/2-1/2

[Event "Wattens op 08th"]
[Site "Wattens"]
[Date "1993.??.??"]
[Round "?"]
[White "Lawitsch, Guenther"]
[Black "Mednis, Edmar John"]
[Result "0-1"]
[WhiteElo "2150"]
[BlackElo "2440"]
[PlyCount "70"]
[EventDate "1993.??.??"]
[EventType "swiss"]
[EventRounds "9"]
[EventCountry "AUT"]
[SourceTitle "EXT 2000"]
[Source "ChessBase"]
[SourceDate "1999.11.16"]
[SourceVersion "1"]
[SourceVersionDate "1999.11.16"]
[SourceQuality "1"]

1. e4 c5 2. Nf3 Nc6 3. d4 cxd4 4. Nxd4 Nf6 5. Nc3 d6 6. Bg5 e6 7. Qd2 a6 8. 0-0-0 Bd7 9. f4 b5 10. Nxc6 Bxc6 11. Qe3 Be7 12. Bxf6 Bxf6 13. e5 Be7 14. exd6 Bxd6 15. Ne4 Bxe4 16. Qxe4 0-0 17. Bd3 g6 18. Kb1 Qc7 19. Rhf1 Rad8 20. g4 Bc5 21. f5 exf5 22. gxf5 Rfe8 23. Qg2 Qe7 24. h4 Bd4 25. c4 Bg7 26. fxg6 fxg6 27. cxb5 axb5 28. h5 gxh5 29. Rf5 Rxd3 30. Rg1 Qd7 31. Qf1 Rd1+ 32. Qxd1 Qxf5+ 33. Ka1 Qe5 34. Qb3+ Kh8 35. a3 Rd8 0-1